000 00524nam a2200193Ia 4500
005 20250508151005.0
008 008 250505s9999 xx 000 0 eng d
037 _aBooks to be hide in OPAC
040 _aFEDL
_beng
_cFEDL
041 _aeng
_2eng
084 _a153, ADK/O
_qFEDL
100 _aAdkins Dorothy C
_9256386
245 0 _aFactor analysis of reasoning tests
260 _c1952
300 _a121p.
700 _a Lyerly Samuel B
_9758131
942 _cHB
_h153, ADK/O
999 _c1326905
_d1326905